|
|
|
|
| LEADER |
00914nam a22002291 4500 |
| 001 |
c000142178 |
| 003 |
CARM |
| 005 |
00000000000000.0 |
| 008 |
730821s1965 cau b 00010 eng |
| 050 |
0 |
0 |
|a QH345
|b .B32
|
| 100 |
1 |
|
|a Baker, Jeffrey J. W.
|
| 245 |
1 |
0 |
|a Matter, energy, and life;
|b an introduction for biology students
|c [by] Jeffrey J. W. Baker [and] Garland E. Allen.
|
| 260 |
|
|
|a Palo Alto, Calif.,
|b Addison-Wesley Pub. Co.
|c [1965]
|
| 300 |
|
|
|a xi, 180 p.
|c 24 cm.
|
| 490 |
0 |
|
|a Addison-Wesley series in biology
|
| 504 |
|
|
|a Bibliography: p. 168-171.
|
| 650 |
|
0 |
|a Biochemistry.
|
| 700 |
1 |
|
|a Allen, Garland E.
|q (Garland Edward)
|e joint author.
|
| 852 |
8 |
|
|b CARM
|h A2:AE37A0
|i B00082
|p 0005368
|f BK
|
| 082 |
0 |
4 |
|a 574.19
|
| 999 |
f |
f |
|i 4fe3d712-bc4c-557a-a3a7-32851a43aec1
|s 7f7d3363-1b95-50b1-b7ba-db326bb59e82
|
| 952 |
f |
f |
|p Can circulate
|a CAVAL
|b CAVAL
|c CAVAL
|d CARM 1 Store
|e B00082
|f A2:AE37A0
|h Other scheme
|i book
|m 0005368
|